01549cam a2200301 a 450000100060000000300080000600500170001400800390003103500190007004000270008904100080011608200280012410000510015224501270020326000590033030000270038950000270041650000330044350001040047650000350058050502700061565100550088570000560094074000330099674000720102974001150110174000310121621441BD-RjUL20211209000703.0140304r19681851nyu 000 0 eng a(BD-RjUL)21505 aDLCcDLCdBD-RjULbeng aeng00a329.00973bCAW V-2 19681 aCalhoun, John C.q(John Caldwell),d1782-1850.14aThe works of John C. Calhoun /cEdited by Richard K. Crallé.nVolume 2 :pReports and public letters of John C. Calhoun. aNew York :bRussell & Russell,c1851 [Reprinted 1968]. aviii, 652 p. ;c22 cm. aReissue of 1851-56 ed. aEach volume has special t.p. aVols. 2-3 have incorrect special title pages reading Reports and public letters of John C. Calhoun. aEdited by Richard K. Crallé.0 av. 1. A disquisition on government and A discourse on the Constitution and Government of the United States.--v. 2-4. Speeches of John C. Calhoun, delivered in the House of Representatives, and in the Senate of the United States.--v. 5-6. Reports and public letters. 0aUnited StatesxPolitics and governmenty1815-1861.1 aCrallé, Richard K.q(Richard Kenner),d1800-1864.22aA disquisition on government22aA discourse on the Constitution and Government of the United States02aSpeeches of John C. Calhoun, delivered in the House of Representatives, and in the Senate of the United States02aReports and public letters